000 00845nam a2200217Ii 4500
003 JO-AjNU
008 230605s9999||||xx |||||||||||||| ||und||
017 _a2006/5/1352
040 _aJO-AjNU
_bara
_erda
_cJO-AjNU
041 _aara
050 1 4 _aBP940.2.W33 2009
100 3 _aالوادي، محمود حسين ؛ م.مشارك: حسين محمد سمحان,
_eauthor
_930224
245 0 0 _aالمصارف الإسلامية : الأسس النظرية والتطبيقات العملية
250 _aط3
264 3 1 _aعمان: دار المسيرة للنشر والتوزيع والطباعة، 2009
300 _a344ص
336 _atext
_btxt
_2rdacontent
337 _aunmediated
_bn
_2rdamedia
338 _avolume
_bnc
_2rdacarrier
650 4 _aالبنوك الاسلامية- العقود- الفقه الاسلامي
_930225
999 _aA11956
_c15524
_d15524